Récapitulatif de mes quiz #7 - Statistiques

Statistiques générales
  • Ce quiz a été pris 21 fois
  • Le résultat moyen est 51 sur 100
Statistiques - réponses
Hint Réponse % Correct
Personnages de fiction B - {Batman}
100%
Bandes dessinées Astérix
94%
Films Disney #1 Les 101 Dalmatiens
94%
Livres Le Seigneur des Anneaux
94%
Disney ou Pixar Toy Story Pixar
94%
Les Simpson ou South Park Eric Cartman South Park
94%
Tintin ou Spirou Milou Tintin
94%
La réponse est entre 1 et 20 Nombre de marches sur un podium sportif 3
88%
Adibou Aventure Tu pars à l'________ aventure
88%
Présidents français CHRLS D GLL Charles de Gaulle
88%
Animaux #2 HMSTR Hamster
88%
Films #2 JRSSC PRK Jurassic Park
88%
Le Gendarme de Saint-Tropez ou La 7ème Compagnie Jérôme Gerber Le Gendarme de Saint-Tropez
88%
Jeux Vidéos #1 MNCRFT Minecraft
88%
Films #3 Pirates des Caraïbes
88%
The Walking Dead ou Stranger Things Daryl Dixon The Walking Dead
88%
Récapitulatif de mes quiz #7 Nombre de nains de Blanche-Neige multiplié par le nombre d'années dans un siècle 700
82%
Présidents américain BRHM LNCLN Abraham Lincoln
82%
Zoé Kézako Promis, juré, ______ craché
82%
#2 Le Roi Lion
82%
Jeux Vidéo #1 Mario
82%
Adolescents Mercredi Addams
82%
Flo et les Robinson suisses Mon père et ma ____ mère
82%
Pokemon #1 PKCH Pikachu
82%
Avatar, le dernier maître de l'air Et même si sa maîtrise de l'___ est exceptionnelle air
76%
#1 Aladdin
76%
Sabrina Elle nous fait les quatre cents _____ coups
76%
L'Académie Royale C'est un vrai conte de ___ fée
76%
GuGu Ganmo Mais on gagne à chaque ____ fois
76%
Personnages Harry Potter #2 HRMN GRNGR Hermione Granger
76%
Angelina Ballerina Elle danse toute la _______ journée
76%
La Tulipe Noire Dans la nuit un cheval ____ noir
76%
Pixar Wall-E
76%
Génériques chantés par Bernard Minet Goldorak
71%
Spirou Même contre vents et ______ marées
71%
Heidi Petite fille des _________ montagnes
71%
Personnages Harry Potter #1 SVRS RG Severus Rogue
71%
Marvel Deadpool
65%
Dragon Booster Jadis le dragon était l'égal de l'_____ homme
65%
Kiri le clown Les clowns sont fait pour ____ rire
65%
Pokémon #4 Salamèche
65%
Super Wings Il répond toujours à l'_____ appel
59%
Dino Ranch L'aventure nous ______ attend
59%
Miami Dans quel jeu vidéo peut-on retrouver une ville imaginaire inspirée de Miami ? GTA VI
59%
Riga De quel pays Riga est-elle la capitale ? La Lettonie
59%
Personnages Harry Potter #3 VKTR KRM Viktor Krum
59%
Animes #1 Pokémon
53%
#4 Ninja Agneau Tournesol Agneau
47%
Cannes Sur quelle Côte se situe la ville de Cannes ? La Côte d'Azur
47%
Vainqueurs du Tour de France de A à Z P Marco Pantani / Henri Pélissier / Oscar Pereiro / Lucien Petit-Breton / Roger Pingeon / Tadej Pogacar / René Pottier
47%
Géronimo Stilton On sait jamais quand ni __
47%
T.U.F.F Puppy Et maintenant, c'est un super agent ______ secret
47%
Arthur Faut avoir confiance en ___ toi
47%
Les Quatre Fantastiques Johnny, la ______ humaine torche
47%
Clémentine Clémentine, quand tu fermes les ____ yeux
47%
Le Petit Chef Vas-y Thomas ! Tu y _________ ! arriveras
41%
Chi mon chaton Qui vient me réchauffer le _____ coeur
41%
Calais Quelle ville anglaise peut-on rejoindre en ferry depuis Calais ? Douvres
41%
Osamu Tezuka Lady Oscar Le Roi Léo Dragon Ball Le Roi Léo
41%
Liste des Gendarmes de Saint-Tropez Louis de Funès dans 6 films Ludovic Cruchot
41%
6teen J'ai _____ ans seize
41%
Clamp Card Captor Sakura Angel Sanctuary Fruits Basket Card Captor Sakura
35%
Magical Doremi Grigri, Bâton _______ magique
35%
Dave le barbare Ils sont partit pour combattre le ___ mal
35%
Pokemon #2 M. MM M. Mime
35%
Il était une fois... l'espace Comme un grand livre ______ ouvert
35%
L'Armure de Jade Semant le chaos sur leur _______ passage
35%
Dessins Animés Il était une fois... la vie
29%
Anvers Quel commerce fait la renommée de Anvers ? Le diamant
29%
Monsieur Madame Monsieur Malchance
29%
Beyblade Burst Oh Ouhohoh Hyper-_______ vitesse
29%
Démétan Et tu l'attends plein d'______ espoir
24%
La Forêt de l'Étrange Si les rêves n'________ pas existent
24%
Norman Normal On allait dîner en _______ famille
24%
La Brabançonne - Mort subite Drapeau Loi Mains Loi
24%
Lolirock Avec nous les _____ vers le ciel mains
24%
The Mask - Sancho le cubain Viens donc danser avec ______ Sancho
24%
Chloé Magique Ou conducteur d'un _____ rigolo train
24%
Zou Un bisou à un jeune _____ zèbre
24%
Kuzco, un empereur à l'école Il va à la Kuzco _______ Academy
18%
Pokemon #3 JNGK Jungko
18%
Troyes Dans quelle région se trouve la ville de Troyes ? La Champagne
18%
Dubaï A quoi ressemble le Burj al-Arab, l'un des hôtel les plus luxueux au monde ? Une voile
18%
Type d'armes #1 Amber Arc
12%
Billy the Cat Alors il fut transformé en ______ chaton
12%
Ivanhoë, Chevalier du roi Tu es le _____ héros
12%
Liège Quel surnom donne-t-on à la ville de Liège ? La Cité Ardente
12%
Namur Au confluent de quelle rivière avec la Meuse se situe la ville de Namur ? La Sambre
12%
Toupou Parle aux _______ de passage oiseaux
12%
Cascadogs Qui ne connaissent pas la ____ peur
12%
Les Gummi Avec leurs chapeaux à ______ plumes
12%
Le Manège Enchanté Joli bois des ____ amis
6%
Éléments #1 Lynette Anémo
6%
X de Clamp Ce monde sans grand ______ avenir
6%
Hailey sauve le monde Du cérumen ? En faire une ______ bougie
6%
Detroit: Become Human Connor
6%
Personnages Genshin Impact D - {Dehya}
6%
Monster Buster Club Et je suis une _____-_________ extra-terrestre
6%
Sofia Quel massif montagneux surplombe la ville de Sofia ? Le Vitocha
6%
Dare Dare Motus Bon sang, mais c'est une ______ souris
6%
Aucun quiz correspondant
Distribution des résultats
% des personnes avec chaque résultat
Percentile par nombre de réponses
Votre historique - résultats
Vous n’avez pas pris ce quiz